[Event "Romanian Teams Championship 2015 - 1st "]
[Site "Complexul Cleopatra - Mamaia,"]
[Date "2015.10.03"]
[Round "1.2"]
[White "Apostoae, Liliana-Lacramioara"]
[Black "Stanciu, Ioana-Georgiana"]
[Result "1-0"]
[WhiteElo "2157"]
[BlackElo "2038"]
[PlyCount "95"]
[EventDate "2015.10.03"]
[EventType "team"]
[EventRounds "9"]
[WhiteTeam "ACS Smart Gala?i"]
[BlackTeam "CSM Lugoj"]

1. Nf3 Nf6 2. g3 g6 3. Bg2 Bg7 4. c4 O-O 5. O-O d6 6. d4 Nc6 7. Nc3 Rb8 8. h3
a6 9. Bg5 h6 10. Be3 Bd7 11. Qd2 Kh7 12. Rac1 b5 13. d5 Na5 14. Nxb5 Nxc4 15.
Rxc4 axb5 16. Rh4 h5 17. Rc1 e6 18. Ng5+ Kg8 19. dxe6 Bxe6 20. Nxe6 fxe6 21.
Qc2 Kh7 22. Qxc7 Nd5 23. Bxd5 exd5 24. Bd4 Rg8 25. Qf7 Qe8 26. Rc7 Qxf7 27.
Rxf7 Rbe8 28. e3 Rc8 29. Rhf4 Kh6 30. Rb7 Bxd4 31. Rxd4 Rc5 32. Rf4 Rg7 33. Rb8
Rgc7 34. Rf6 Kg7 35. Rxd6 Rc1+ 36. Kg2 R1c2 37. Rbb6 Rxb2 38. Rxg6+ Kf7 39.
Rgf6+ Ke7 40. Rh6 Kf8 41. Rxh5 Rf7 42. Rb8+ Kg7 43. Rg5+ Kh7 44. h4 Rfxf2+ 45.
Kh3 Rh2+ 46. Kg4 Rb4+ 47. Kh5 Rxa2 48. Rb6 1-0

[Event "Romanian Teams Championship 2015 - 1st "]
[Site "Complexul Cleopatra - Mamaia,"]
[Date "2015.10.04"]
[Round "2.2"]
[White "Stanciu, Ioana-Georgiana"]
[Black "Ionescu Brandis, Irina"]
[Result "0-1"]
[WhiteElo "2038"]
[BlackElo "2091"]
[PlyCount "120"]
[EventDate "2015.10.03"]
[EventType "team"]
[EventRounds "9"]
[WhiteTeam "CSM Lugoj"]
[BlackTeam "Clubul Central de ?ah Bucure?ti"]

1. e4 c5 2. Nf3 e6 3. d4 cxd4 4. Nxd4 Nf6 5. Nc3 d6 6. Be3 a6 7. f3 b5 8. Qd2
Nbd7 9. g4 Nb6 10. O-O-O Bb7 11. Qf2 Nfd7 12. Bd3 Rc8 13. Nce2 d5 14. Ng3 Nc4
15. Bxc4 Rxc4 16. Kb1 Be7 17. Nh5 O-O 18. Qd2 Re8 19. Rhg1 Bb4 20. Qg2 dxe4 21.
f4 Bf8 22. g5 g6 23. f5 Bd5 24. Nf4 Bg7 25. f6 Bf8 26. h4 Qa5 27. Nb3 Qc7 28.
Nxd5 exd5 29. Rxd5 Rc8 30. Rd2 Ne5 31. Bf4 e3 32. Bxe3 Rxh4 33. Rh1 Rxh1+ 34.
Qxh1 Ng4 35. Bd4 Qf4 36. Re2 Qxg5 37. Qb7 Qf5 38. Qxa6 Bh6 39. Qa5 Qf1+ 40. Re1
Qg2 41. Qxb5 Qxc2+ 42. Ka1 Bf8 43. a4 Rd8 44. Ka2 Qc8 45. Bb6 Rd7 46. Rc1 Qb7
47. Rc6 Ne5 48. Na5 Qb8 49. Rc2 Nd3 50. Nc6 Qd6 51. Ne7+ Bxe7 52. fxe7 Qxe7 53.
Rc8+ Kg7 54. Qc4 Nb4+ 55. Kb3 Rd3+ 56. Qxd3 Nxd3 57. Bd4+ f6 58. Kc3 Nf4 59.
Rc6 Ne2+ 60. Kd3 Nxd4 0-1

[Event "Romanian Teams Championship 2015 - 1st "]
[Site "Complexul Cleopatra - Mamaia,"]
[Date "2015.10.05"]
[Round "3.2"]
[White "Voicu Jagodzinsky, Carmen "]
[Black "Stanciu, Ioana-Georgiana"]
[Result "1-0"]
[WhiteElo "2264"]
[BlackElo "2038"]
[PlyCount "81"]
[EventDate "2015.10.03"]
[EventType "team"]
[EventRounds "9"]
[WhiteTeam "ACS ?ah Apa Nova Bucure?ti"]
[BlackTeam "CSM Lugoj"]

1. e4 c5 2. Nf3 d6 3. d4 cxd4 4. Nxd4 Nf6 5. Nc3 g6 6. Be3 Bg7 7. Be2 Nc6 8.
Qd2 O-O 9. O-O Ng4 10. Bxg4 Bxg4 11. f3 Bd7 12. Rfd1 Rc8 13. a4 Na5 14. b3 a6
15. Nd5 e6 16. Nb4 Qc7 17. Rac1 Rfd8 18. Ne2 Bc6 19. Qe1 f5 20. Qf2 fxe4 21.
Bb6 Qe7 22. Bxa5 Rf8 23. Nxc6 bxc6 24. Bd2 d5 25. Qe3 exf3 26. gxf3 c5 27. Rf1
Rf5 28. c3 Rh5 29. Ng3 Rh3 30. Rce1 e5 31. Qg5 Qe6 32. Qg4 Qxg4 33. fxg4 Rh4
34. Kg2 c4 35. b4 d4 36. h3 h6 37. Ne4 a5 38. b5 dxc3 39. Bxc3 Rd8 40. Rd1 Rd3
41. Be1 1-0

[Event "Romanian Teams Championship 2015 - 1st "]
[Site "Complexul Cleopatra - Mamaia,"]
[Date "2015.10.06"]
[Round "4.2"]
[White "Stanciu, Ioana-Georgiana"]
[Black "Sandu, Mihaela"]
[Result "1/2-1/2"]
[WhiteElo "2038"]
[BlackElo "2246"]
[PlyCount "76"]
[EventDate "2015.10.03"]
[EventType "team"]
[EventRounds "9"]
[WhiteTeam "CSM Lugoj"]
[BlackTeam "CS Stud. Medicina Timi?oara"]

1. e4 c5 2. Nf3 d6 3. d4 cxd4 4. Nxd4 Nf6 5. Nc3 a6 6. Bg5 e6 7. f4 Qc7 8. Qf3
b5 9. Bxf6 gxf6 10. a3 Bb7 11. O-O-O Nd7 12. Bd3 h5 13. Rhe1 O-O-O 14. Kb1 Kb8
15. Qe2 Qb6 16. Nb3 Nc5 17. e5 dxe5 18. fxe5 f5 19. h3 h4 20. Qe3 Be7 21. Nxc5
Bxc5 22. Qg5 Rhg8 23. Qxh4 Bxg2 24. Qf6 Qc7 25. Bf1 Bb7 26. Rxd8+ Rxd8 27. h4
Be7 28. Qh6 b4 29. axb4 Bxb4 30. Qe3 Bc5 31. Qe2 Bd4 32. Rd1 Bxc3 33. bxc3
Rxd1+ 34. Qxd1 Qxe5 35. Kb2 Kc7 36. h5 Qf4 37. Be2 e5 38. Qg1 e4 1/2-1/2

[Event "Romanian Teams Championship 2015 - 1st "]
[Site "Complexul Cleopatra - Mamaia,"]
[Date "2015.10.07"]
[Round "5.2"]
[White "Sgircea, Silvia Raluca"]
[Black "Stanciu, Ioana-Georgiana"]
[Result "1-0"]
[WhiteElo "2223"]
[BlackElo "2038"]
[PlyCount "105"]
[EventDate "2015.10.03"]
[EventType "team"]
[EventRounds "9"]
[WhiteTeam "CSM Bucure?ti"]
[BlackTeam "CSM Lugoj"]

1. Nf3 Nf6 2. c4 e6 3. g3 d5 4. Bg2 c6 5. Qc2 dxc4 6. Qxc4 b5 7. Qc2 Bb7 8. Nc3
a6 9. a4 b4 10. Nb1 c5 11. O-O Nc6 12. d3 Rc8 13. e3 Be7 14. Nbd2 O-O 15. Nc4
Nd5 16. a5 Nc7 17. Nfd2 Nb5 18. Nb3 Rc7 19. Rd1 Qb8 20. Bd2 Rd8 21. Be1 Nca7
22. Bf1 Bf3 23. Rdc1 Qb7 24. Nbd2 Bd5 25. Nb6 Nc8 26. Nxd5 exd5 27. Bg2 Qb8 28.
Qa4 Nca7 29. Rc2 Nc6 30. Nf3 Qc8 31. Bd2 Qf5 32. Qb3 Ne5 33. Nxe5 Qxe5 34. Rac1
c4 35. Qa4 b3 36. Bc3 Qf5 37. Rd2 Bf6 38. Bxf6 Qxf6 39. dxc4 dxc4 40. Rxd8+
Qxd8 41. Rxc4 Qd1+ 42. Bf1 g6 43. Rxc7 Nxc7 44. Qd4 Qc1 45. Qc4 Qxb2 46. Qxc7
Qc2 47. Qd8+ Kg7 48. Qd3 Qa2 49. Qd4+ Kg8 50. Bc4 Qb1+ 51. Kg2 b2 52. Qd5 Kh8
53. Qe5+ 1-0

[Event "Romanian Teams Championship 2015 - 1st "]
[Site "Complexul Cleopatra - Mamaia,"]
[Date "2015.10.08"]
[Round "6.2"]
[White "Stanciu, Ioana-Georgiana"]
[Black "Olea, Liliana"]
[Result "0-1"]
[WhiteElo "2038"]
[BlackElo "1932"]
[PlyCount "126"]
[EventDate "2015.10.03"]
[EventType "team"]
[EventRounds "9"]
[WhiteTeam "CSM Lugoj"]
[BlackTeam "CS Universitatea Arad"]

1. e4 e5 2. Nf3 Nc6 3. Bb5 a6 4. Ba4 Nf6 5. O-O b5 6. Bb3 Bc5 7. Nxe5 Nxe5 8.
d4 Bxd4 9. Qxd4 d6 10. c3 c5 11. Qe3 O-O 12. Nd2 Qe7 13. Re1 Nfg4 14. Qg3 c4
15. Bc2 f5 16. Nf3 Nxf3+ 17. gxf3 Ne5 18. Kh1 Bb7 19. Bg5 Qf7 20. Bf4 fxe4 21.
Bxe5 dxe5 22. Bxe4 Bxe4 23. fxe4 Qxf2 24. Qxe5 Qf3+ 25. Kg1 Rad8 26. Qe6+ Kh8
27. Rf1 Qe3+ 28. Kh1 Rfe8 29. Rae1 Qxe1 30. Qxe8+ Rxe8 31. Rxe1 Kg8 32. Kg2 Kf7
33. Kf3 Rd8 34. Re2 g5 35. Kg4 Kg6 36. Kg3 Rd3+ 37. Kg2 Kf6 38. Rf2+ Ke6 39.
Re2 Ke5 40. Kf2 h5 41. Kg2 g4 42. Kg1 h4 43. Kg2 Rf3 44. Rd2 Re3 45. Rd5+ Kxe4
46. Rd4+ Kf5 47. Rd6 Re2+ 48. Kg1 Re6 49. Rd4 Re1+ 50. Kf2 Rh1 51. Kg2 Rb1 52.
Rd2 h3+ 53. Kf2 Rh1 54. Rd5+ Ke4 55. Rd4+ Kf5 56. Rd5+ Ke6 57. Rg5 Rxh2+ 58.
Kg1 Rg2+ 59. Kh1 Kf6 60. Rg8 Kf5 61. Ra8 Rxb2 62. Rxa6 g3 63. a4 Rb1# 0-1

[Event "Romanian Teams Championship 2015 - 1st "]
[Site "Complexul Cleopatra - Mamaia,"]
[Date "2015.10.09"]
[Round "7.2"]
[White "Cosman, Andreea-Marioara"]
[Black "Stanciu, Ioana-Georgiana"]
[Result "1/2-1/2"]
[WhiteElo "2072"]
[BlackElo "2038"]
[PlyCount "130"]
[EventDate "2015.10.03"]
[EventType "team"]
[EventRounds "9"]
[WhiteTeam "CS SÃ®nandrei-CSS 1 Timi?oara"]
[BlackTeam "CSM Lugoj"]

1. d4 Nf6 2. c4 g6 3. Nc3 Bg7 4. e4 d6 5. Nf3 O-O 6. Be2 e5 7. O-O Nc6 8. d5
Ne7 9. b4 a5 10. Ba3 axb4 11. Bxb4 b6 12. a4 Re8 13. Qc2 c5 14. dxc6 Nxc6 15.
Ba3 Nd4 16. Qd1 Bb7 17. Bd3 Qe7 18. Rb1 Nd7 19. Nxd4 exd4 20. Nd5 Bxd5 21. cxd5
Nc5 22. Bb5 Rf8 23. Re1 Be5 24. g3 g5 25. Qg4 Kh8 26. Kh1 Rg8 27. Bc6 Rab8 28.
Qf5 g4 29. f4 gxf3 30. Qxf3 Rg6 31. Rf1 Rf6 32. Qg2 Rxf1+ 33. Rxf1 Rg8 34. Qf3
Qg5 35. Bxc5 dxc5 36. Bb5 f6 37. d6 Bxd6 38. Qxf6+ Qxf6 39. Rxf6 Rd8 40. Re6
Bc7 41. Re7 Bd6 42. Rb7 Be5 43. Re7 Bd6 44. Rb7 Bf8 45. Bd3 Ra8 46. Bb5 Rd8 47.
Bd3 c4 48. Bxc4 d3 49. Rxb6 d2 50. Be2 d1=Q+ 51. Bxd1 Rxd1+ 52. Kg2 Rd4 53. a5
Rxe4 54. a6 Ra4 55. Rb8 Kg7 56. Rb7+ Kg6 57. Rb6+ Kf5 58. Rb7 Kg6 59. Rb6+ Kf5
60. Rb7 Ra2+ 61. Kh3 Kg6 62. Rb6+ Kg5 63. Rb5+ Kg6 64. Rb6+ Kg5 65. Rb5+ Kf6
1/2-1/2

[Event "Romanian Teams Championship 2015 - 1st "]
[Site "Complexul Cleopatra - Mamaia,"]
[Date "2015.10.10"]
[Round "8.2"]
[White "Stanciu, Ioana-Georgiana"]
[Black "Bulmaga, Irina"]
[Result "0-1"]
[WhiteElo "2038"]
[BlackElo "2381"]
[PlyCount "74"]
[EventDate "2015.10.03"]
[EventType "team"]
[EventRounds "9"]
[WhiteTeam "CSM Lugoj"]
[BlackTeam "CS Politehnica-Antibiotice Ia?i"]

1. e4 e5 2. Nf3 Nc6 3. Bb5 a6 4. Ba4 Nf6 5. O-O b5 6. Bb3 Be7 7. Re1 d6 8. c3
O-O 9. d4 Bb7 10. Nbd2 Nd7 11. a4 exd4 12. cxd4 Nb4 13. Qe2 c5 14. Nf1 c4 15.
Bc2 Nxc2 16. Qxc2 Re8 17. Ng3 g6 18. Bf4 Nb6 19. a5 Nd7 20. h4 h5 21. Ng5 Nf8
22. e5 dxe5 23. dxe5 Qd3 24. Qc1 Rad8 25. Re3 Qd4 26. Ne2 Qd2 27. Qb1 Bc5 28.
e6 fxe6 29. Nxe6 Bxe3 30. Bxe3 Qxe2 31. Nxf8 Kxf8 32. Qxg6 Rxe3 33. Qh6+ Ke8
34. Qh8+ Kd7 35. Qd4+ Kc8 36. Qc5+ Kb8 37. Qxe3 Qxe3 0-1

[Event "Eurogiov U18 fem"]
[Site "Porec CRO"]
[Date "2015.09.21"]
[Round "1.16"]
[White "Stanciu, Ioana-Georgiana"]
[Black "Sanders, Catheleijne"]
[Result "0-1"]
[WhiteElo "2038"]
[BlackElo "1846"]
[PlyCount "64"]
[EventDate "2015.09.21"]

1. e4 c5 2. Nf3 d6 3. d4 cxd4 4. Nxd4 Nf6 5. Nc3 a6 6. f4 e5 7. Nf3 Nbd7 8. a4
Be7 9. Bd3 O-O 10. O-O exf4 11. Kh1 Nc5 12. Bxf4 Bg4 13. h3 Bh5 14. Qe1 Re8 15.
Rd1 Qb6 16. Qg3 Qxb2 17. e5 Qxc3 18. exf6 Bxf6 19. Bd2 Qa3 20. Bxh7+ Kh8 21.
Bg5 Qb2 22. Qh4 Kxh7 23. Qxh5+ Kg8 24. Bxf6 Qxf6 25. Nh4 Re5 26. Nf5 Ne4 27.
Rd3 Rc8 28. Qg4 Rxc2 29. Rdf3 Rxf5 30. Qxe4 Rxf3 31. Qe8+ Kh7 32. gxf3 Qe6 0-1

[Event "Eurogiov U18 fem"]
[Site "Porec CRO"]
[Date "2015.09.23"]
[Round "3.20"]
[White "Sagadijeva, Anna"]
[Black "Stanciu, Ioana-Georgiana"]
[Result "0-1"]
[WhiteElo "1799"]
[BlackElo "2038"]
[PlyCount "82"]
[EventDate "2015.09.21"]

1. c4 Nf6 2. Nc3 g6 3. Nf3 Bg7 4. g3 O-O 5. Bg2 d6 6. d3 e5 7. O-O Nc6 8. Rb1
a5 9. a3 h6 10. e4 Bg4 11. h3 Bxf3 12. Qxf3 Nd4 13. Qd1 Nd7 14. b4 axb4 15.
axb4 c6 16. Ne2 Ne6 17. Qb3 Kh8 18. Be3 Qe7 19. Rfd1 f5 20. exf5 gxf5 21. f4
exf4 22. Nxf4 Nxf4 23. Bxf4 Bd4+ 24. Kh2 Qf6 25. b5 Nc5 26. Qc2 Rac8 27. bxc6
bxc6 28. Qe2 Rg8 29. Qh5 Rg6 30. Qf3 Ne6 31. Rb7 Nxf4 32. gxf4 Rcg8 33. Rd2 Qh4
34. Re2 Rg3 35. Qf1 Be3 36. Qa1+ R8g7 37. Rxg7 Rxg7 38. Qa8+ Kh7 39. Qxc6 Qg3+
40. Kh1 Bxf4 41. Kg1 Ra7 0-1

[Event "Eurogiov U18 fem"]
[Site "Porec CRO"]
[Date "2015.09.25"]
[Round "5.23"]
[White "Traykova, Vasilena"]
[Black "Stanciu, Ioana-Georgiana"]
[Result "1-0"]
[WhiteElo "1799"]
[BlackElo "2038"]
[PlyCount "89"]
[EventDate "2015.09.21"]

1. d4 Nf6 2. Nf3 g6 3. Bf4 Bg7 4. e3 O-O 5. h3 d6 6. Be2 c5 7. Nc3 b6 8. O-O
Bb7 9. d5 Nbd7 10. e4 a6 11. a4 Qc7 12. Bh2 Ne8 13. Nd2 Rd8 14. f4 Qc8 15. Nc4
Bd4+ 16. Kh1 Nc7 17. Bg4 f5 18. exf5 h5 19. Bf3 Rxf5 20. Be4 Rf6 21. Bg3 b5 22.
axb5 axb5 23. Na5 Kg7 24. Bh4 Rf7 25. f5 Rdf8 26. Qd3 b4 27. Nxb7 Qxb7 28. Na4
Ne5 29. Qd2 Nc4 30. Qg5 Rf6 31. Qg3 Nd2 32. Bxf6+ Rxf6 33. Rfe1 Nxe4 34. Rxe4
Qxd5 35. Rxe7+ Rf7 36. Qxg6+ Kf8 37. Qxf7+ Qxf7 38. Rxf7+ Kxf7 39. Re1 Nd5 40.
g3 Be5 41. g4 hxg4 42. hxg4 Kf6 43. Kg2 Kg5 44. Kf3 Nf6 45. Nxc5 1-0

[Event "Eurogiov U18 fem"]
[Site "Porec CRO"]
[Date "2015.09.27"]
[Round "6.24"]
[White "Stanciu, Ioana-Georgiana"]
[Black "Wertz, Clara"]
[Result "1-0"]
[WhiteElo "2038"]
[BlackElo "1767"]
[PlyCount "63"]
[EventDate "2015.09.21"]

1. e4 e6 2. d4 d5 3. Nc3 Nf6 4. e5 Nfd7 5. f4 c5 6. Nf3 Nc6 7. Be3 cxd4 8. Nxd4
Bc5 9. Qd2 Nxd4 10. Bxd4 Bxd4 11. Qxd4 Qb6 12. Qd2 Nc5 13. O-O-O Bd7 14. f5 h6
15. Be2 Rc8 16. Qf4 Qc6 17. Rd2 a6 18. Bf3 Na4 19. fxe6 fxe6 20. Nxd5 exd5 21.
Bxd5 Qg6 22. Rf1 Ke7 23. Bxb7 Rb8 24. Rxd7+ Kxd7 25. Qxa4+ Ke7 26. Qb4+ Ke8 27.
Bc6+ Qxc6 28. Qxb8+ Ke7 29. Qxh8 Qxg2 30. Qf8+ Kd7 31. Rf7+ Kc6 32. Qa8+ 1-0

[Event "Eurogiov U18 fem"]
[Site "Porec CRO"]
[Date "2015.09.28"]
[Round "7.19"]
[White "Rodsmoen, Maud"]
[Black "Stanciu, Ioana-Georgiana"]
[Result "1-0"]
[WhiteElo "1866"]
[BlackElo "2038"]
[PlyCount "71"]
[EventDate "2015.09.21"]

1. e4 c5 2. Nf3 d6 3. d4 cxd4 4. Nxd4 Nf6 5. Nc3 g6 6. Be3 Bg7 7. f3 O-O 8. Qd2
Nc6 9. O-O-O d5 10. Kb1 Rb8 11. h4 h5 12. Bf4 Ra8 13. e5 Nd7 14. Nxc6 bxc6 15.
e6 Nc5 16. exf7+ Rxf7 17. Bh6 Bf6 18. Be2 Rb8 19. Ka1 Qa5 20. Rb1 Na4 21. Nxa4
Qxa4 22. Bd3 Rb6 23. g4 hxg4 24. h5 Bf5 25. hxg6 Bxg6 26. fxg4 e6 27. Be3 Be4
28. Rhf1 d4 29. Bg5 Bg7 30. Rxf7 Kxf7 31. Qf4+ Bf5 32. gxf5 e5 33. Qf3 c5 34.
Qd5+ Ke8 35. Be4 Bh6 36. Qd8+ 1-0

[Event "Campionatele Nationale pe echipe de jun"]
[Site "Iasi"]
[Date "2015.07.23"]
[Round "2.1"]
[White "Stanciu, Ioana-Georgiana"]
[Black "Cosman, Andreea-Marioara"]
[Result "0-1"]
[WhiteElo "1973"]
[BlackElo "2056"]
[PlyCount "124"]
[EventDate "2015.07.22"]
[EventType "team"]
[EventRounds "5"]
[WhiteTeam "CSM Craiova"]
[BlackTeam "CSS 1 Timisoara"]

1. e4 c5 2. Nf3 d6 3. d4 cxd4 4. Nxd4 Nf6 5. Nc3 a6 6. Be3 Ng4 7. Bg5 h6 8. Bh4
g5 9. Bg3 Bg7 10. Be2 h5 11. Nf5 Bxf5 12. exf5 Qa5 13. O-O Nc6 14. Bxg4 hxg4
15. Nd5 Ne5 16. Re1 Rc8 17. f6 exf6 18. Qxg4 Qc5 19. b4 Qxc2 20. f4 Rc4 21. Nb6
O-O 22. Qh5 Rxb4 23. Rac1 Qg6 24. Qxg6 Nxg6 25. Nd5 Rd4 26. Ne7+ Nxe7 27. Rxe7
b5 28. f5 Rc4 29. Rd1 Rfc8 30. Rd7 Bf8 31. Bxd6 Rc1 32. Bxf8 Rxd1+ 33. Rxd1
Kxf8 34. g4 Rc2 35. a3 Rc3 36. Ra1 Ke7 37. Kf2 Kd6 38. Rd1+ Ke5 39. Re1+ Kf4
40. Re7 Rxa3 41. Rxf7 Ra2+ 42. Ke1 Ke3 43. Kd1 Rd2+ 44. Kc1 Rd6 45. Re7+ Kd4
46. Rh7 a5 47. h4 gxh4 48. Rxh4 Ke5 49. Rh7 Rc6+ 50. Kb2 Rc4 51. Rb7 Rb4+ 52.
Kc3 Kf4 53. Rb6 Kg5 54. Ra6 Rc4+ 55. Kd3 a4 56. Rb6 Rb4 57. Kc3 Rb3+ 58. Kc2 b4
59. Ra6 Rc3+ 60. Kb2 a3+ 61. Ka2 Rc2+ 62. Ka1 Rg2 0-1

[Event "Campionatele Nationale pe echipe de jun"]
[Site "Iasi"]
[Date "2015.07.24"]
[Round "3.1"]
[White "Varga, Adrienn"]
[Black "Stanciu, Ioana-Georgiana"]
[Result "0-1"]
[WhiteElo "1807"]
[BlackElo "1973"]
[PlyCount "88"]
[EventDate "2015.07.22"]
[EventType "team"]
[EventRounds "5"]
[WhiteTeam "CSS Odorheiu Secuiesc"]
[BlackTeam "CSM Craiova"]

1. e4 c5 2. Nf3 d6 3. d4 cxd4 4. Nxd4 Nf6 5. Nc3 g6 6. Be2 Bg7 7. Be3 a6 8. O-O
b5 9. a3 Bb7 10. Bd3 Nbd7 11. Nb3 Ne5 12. h3 Rc8 13. f4 Nc4 14. Bxc4 bxc4 15.
Nd2 d5 16. e5 d4 17. exf6 Bxf6 18. Nce4 dxe3 19. Nxf6+ exf6 20. Re1 O-O 21.
Rxe3 Qd4 22. Qe2 c3 23. Nb3 cxb2 24. Rb1 Qb6 25. Kh1 Rxc2 26. Qxc2 Qxe3 27.
Qxb2 Qxf4 28. Nc5 Bc8 29. Qe2 Qd6 30. Ne4 Qc6 31. Nf2 Bb7 32. Ng4 h5 33. Nxf6+
Qxf6 34. Rxb7 Qa1+ 35. Kh2 Qxa3 36. Ra7 a5 37. Qe5 a4 38. Qf4 Qc5 39. Rxa4 Rd8
40. Ra6 Rd1 41. Qb8+ Kg7 42. Qf4 Qg1+ 43. Kg3 Rd3+ 44. Kh4 Rd4 0-1

[Event "FIDE World Schools Championships 2015 -"]
[Site "Dusit Thani Pattaya"]
[Date "2015.05.07"]
[Round "1.1"]
[White "Talyspaeva, Adel"]
[Black "Stanciu, Ioana-Georgiana"]
[Result "0-1"]
[WhiteElo "1708"]
[BlackElo "2001"]
[PlyCount "68"]
[EventDate "2015.05.07"]
[EventRounds "9"]
[EventCountry "THA"]

1. d4 Nf6 2. c4 g6 3. Nc3 Bg7 4. Nf3 O-O 5. e4 d6 6. Be2 e5 7. d5 Na6 8. O-O
Nc5 9. Qc2 a5 10. Ne1 Qe7 11. f3 Nh5 12. Be3 b6 13. Rb1 f5 14. a3 Nf4 15. b4
axb4 16. axb4 Nd7 17. Nd3 Qg5 18. Nxf4 exf4 19. Bf2 Bxc3 20. Qxc3 Ra2 21. Bd3
Ne5 22. Kh1 Nxd3 23. Qxd3 fxe4 24. fxe4 f3 25. g3 Bh3 26. c5 Bxf1 27. Rxf1 bxc5
28. bxc5 Qh5 29. c6 Rb8 30. Kg1 Rba8 31. e5 R2a3 32. Qd2 Ra2 33. Qd3 R8a3 34.
Qb5 Qh3 0-1

[Event "FIDE World Schools Championships 2015 -"]
[Site "Dusit Thani Pattaya"]
[Date "2015.05.08"]
[Round "2.1"]
[White "Stanciu, Ioana-Georgiana"]
[Black "Atthaworadej, Worasuda"]
[Result "1-0"]
[WhiteElo "2001"]
[BlackElo "1748"]
[PlyCount "131"]
[EventDate "2015.05.07"]
[EventRounds "9"]
[EventCountry "THA"]

1. e4 c5 2. Nf3 g6 3. d4 cxd4 4. Nxd4 Nc6 5. Nc3 Bg7 6. Be3 Nf6 7. Bc4 O-O 8.
Bb3 a5 9. f3 d5 10. exd5 Nb4 11. Ndb5 a4 12. Bc4 Bd7 13. d6 Bxb5 14. Nxb5 Rc8
15. a3 Rxc4 16. axb4 Rxb4 17. Qd3 Rxb2 18. O-O Qa5 19. dxe7 Re8 20. Nd6 Rxe7
21. Nc4 Qb5 22. Nxb2 Qxd3 23. Nxd3 Rxe3 24. Kf2 Re8 25. Rxa4 Nd5 26. Re1 Rc8
27. Kg3 h5 28. c4 Nb6 29. Ra7 Nxc4 30. Rxb7 Nd6 31. Rd7 Nf5+ 32. Kh3 Bf6 33.
Rb1 Rc4 34. g3 g5 35. Rb8+ Kg7 36. Nf2 Ne3 37. Rbb7 Rc2 38. Rxf7+ Kg6 39. Rxf6+
Kxf6 40. Ne4+ Kg6 41. Rb6+ Kg7 42. Rb7+ Kf8 43. Nxg5 Nf1 44. Ne6+ Kg8 45. Kh4
Rxh2+ 46. Kg5 Rg2 47. Rg7+ Kh8 48. Kf6 Rb2 49. Rg5 Rb6 50. Rxh5+ Kg8 51. f4 Nd2
52. f5 Ne4+ 53. Ke5 Nd6 54. g4 Ne8 55. Nd4 Nf6 56. Rg5+ Kf7 57. Ne6 Rb5+ 58.
Kf4 Rb4+ 59. Kf3 Rb3+ 60. Ke2 Rb2+ 61. Kd3 Rg2 62. Rg7+ Ke8 63. g5 Nd7 64. f6
Nxf6 65. gxf6 Rf2 66. Re7# 1-0

[Event "FIDE World Schools Championships 2015 -"]
[Site "Dusit Thani Pattaya"]
[Date "2015.05.08"]
[Round "3.1"]
[White "Ovezdurdiyeva, Jemal"]
[Black "Stanciu, Ioana-Georgiana"]
[Result "0-1"]
[WhiteElo "1903"]
[BlackElo "2001"]
[PlyCount "48"]
[EventDate "2015.05.07"]
[EventRounds "9"]
[EventCountry "THA"]

1. d4 Nf6 2. c4 g6 3. Nc3 Bg7 4. e4 d6 5. Nf3 O-O 6. Be2 e5 7. O-O Nc6 8. dxe5
dxe5 9. Qxd8 Rxd8 10. Bg5 Nd4 11. Nxd4 Rxd4 12. Nd5 Nxd5 13. exd5 Bf5 14. Be3
Re4 15. Rfe1 b5 16. b3 a5 17. g3 Rb8 18. Rac1 bxc4 19. bxc4 Rb4 20. Rc3 Bf8 21.
Kg2 Rb2 22. Rb3 Rxa2 23. Bd3 Bb4 24. Rc1 Rxe3 0-1

[Event "FIDE World Schools Championships 2015 -"]
[Site "Dusit Thani Pattaya"]
[Date "2015.05.09"]
[Round "4.1"]
[White "Stanciu, Ioana-Georgiana"]
[Black "Mendoza, Shania Mae"]
[Result "0-1"]
[WhiteElo "2001"]
[BlackElo "2000"]
[PlyCount "50"]
[EventDate "2015.05.07"]
[EventRounds "9"]
[EventCountry "THA"]

1. e4 d5 2. exd5 Qxd5 3. Nc3 Qd6 4. d4 c6 5. Nge2 Nf6 6. Bf4 Qb4 7. Qd3 Qa5 8.
O-O-O Bf5 9. Qf3 e6 10. h3 Nbd7 11. g4 Bg6 12. Ng3 Bb4 13. a3 Bxc3 14. Qxc3
Qxc3 15. bxc3 h5 16. Be2 h4 17. Nf1 Ne4 18. Be3 Nxc3 19. Re1 O-O-O 20. f4 Nxe2+
21. Rxe2 Nb6 22. Nd2 Nd5 23. Nb3 b6 24. Bd2 a5 25. c4 Bd3 0-1

[Event "FIDE World Schools Championships 2015 -"]
[Site "Dusit Thani Pattaya"]
[Date "2015.05.10"]
[Round "5.2"]
[White "Sapale, Saloni"]
[Black "Stanciu, Ioana-Georgiana"]
[Result "1-0"]
[WhiteElo "1688"]
[BlackElo "2001"]
[PlyCount "47"]
[EventDate "2015.05.07"]
[EventRounds "9"]
[EventCountry "THA"]

1. e4 c5 2. Nf3 d6 3. d4 cxd4 4. Nxd4 Nf6 5. Nc3 e6 6. Be3 a6 7. f3 Nbd7 8. Qd2
b5 9. g4 Ne5 10. O-O-O Bb7 11. Rg1 b4 12. Na4 d5 13. g5 Nfd7 14. exd5 Bxd5 15.
f4 Nc4 16. Bxc4 Bxc4 17. Nc6 Qc7 18. Qxd7+ Qxd7 19. Rxd7 Kxd7 20. Ne5+ Kc7 21.
Nxc4 h6 22. Ne5 hxg5 23. Rd1 Rc8 24. Rd7+ 1-0

[Event "FIDE World Schools Championships 2015 -"]
[Site "Dusit Thani Pattaya"]
[Date "2015.05.10"]
[Round "6.2"]
[White "Jiang, Zhaoyi"]
[Black "Stanciu, Ioana-Georgiana"]
[Result "0-1"]
[WhiteElo "1861"]
[BlackElo "2001"]
[PlyCount "72"]
[EventDate "2015.05.07"]
[EventRounds "9"]
[EventCountry "THA"]

1. d4 Nf6 2. c4 g6 3. Nc3 Bg7 4. e4 d6 5. Nf3 O-O 6. Be2 e5 7. d5 a5 8. Bg5 h6
9. Bh4 Na6 10. Nd2 Bd7 11. a3 Qe8 12. b3 Nh7 13. Rb1 h5 14. f3 Bh6 15. O-O Be3+
16. Bf2 Bxf2+ 17. Rxf2 Qe7 18. b4 axb4 19. axb4 h4 20. Qc1 Nf6 21. Nf1 Nh5 22.
Ne3 Qg5 23. Bf1 Nf4 24. Rc2 f5 25. Kh1 Qh5 26. Qd1 fxe4 27. fxe4 Qg5 28. Qd2 h3
29. g3 Nh5 30. Be2 Rf2 31. Ncd1 Rf7 32. c5 Raf8 33. c6 Nxg3+ 34. hxg3 Qxg3 35.
Qc1 h2 36. Nb2 Rf1+ 0-1

[Event "FIDE World Schools Championships 2015 -"]
[Site "Dusit Thani Pattaya"]
[Date "2015.05.12"]
[Round "7.3"]
[White "Stanciu, Ioana-Georgiana"]
[Black "Naghiyeva, Khayala"]
[Result "1-0"]
[WhiteElo "2001"]
[BlackElo "1561"]
[PlyCount "43"]
[EventDate "2015.05.07"]
[EventRounds "9"]
[EventCountry "THA"]

1. e4 e6 2. d4 d5 3. Nc3 Bb4 4. e5 c5 5. a3 Bxc3+ 6. bxc3 Qa5 7. Bd2 Qa4 8. Qg4
g6 9. Nf3 Qxc2 10. dxc5 Qe4+ 11. Qxe4 dxe4 12. Ng5 Nd7 13. Bb5 Ke7 14. Bxd7
Bxd7 15. Nxe4 Bc6 16. Bg5+ Kf8 17. f3 Bxe4 18. fxe4 Rc8 19. O-O-O Kg7 20. Rd7
Rxc5 21. Rf1 Nh6 22. Bf6+ 1-0

[Event "FIDE World Schools Championships 2015 -"]
[Site "Dusit Thani Pattaya"]
[Date "2015.05.13"]
[Round "8.2"]
[White "Stanciu, Ioana-Georgiana"]
[Black "Koo, Wei Xin Rosamund"]
[Result "1-0"]
[WhiteElo "2001"]
[BlackElo "1716"]
[PlyCount "82"]
[EventDate "2015.05.07"]
[EventRounds "9"]
[EventCountry "THA"]

1. e4 c5 2. Nf3 e6 3. d4 cxd4 4. Nxd4 Nc6 5. Nb5 d6 6. c4 a6 7. N5c3 Nf6 8. g3
Qc7 9. Bg2 Be7 10. Na3 O-O 11. Be3 Bd7 12. Rc1 Ne5 13. h3 Rac8 14. O-O Qb8 15.
Qe2 Bc6 16. Rfd1 b6 17. f4 Ned7 18. b4 Qa8 19. Bd4 Rfe8 20. Nc2 e5 21. Bf2 Bf8
22. f5 g6 23. g4 a5 24. a3 Bb7 25. Nb5 Qb8 26. Bf3 h6 27. h4 Nh7 28. Ne3 Ndf6
29. Qd3 Red8 30. Nd5 Nxd5 31. exd5 Ba6 32. fxg6 fxg6 33. Qxg6+ Kh8 34. g5 hxg5
35. Bg4 Bxb5 36. Be6 Bg7 37. cxb5 Rxc1 38. Rxc1 gxh4 39. Bxh4 Rf8 40. Bf5 Nf6
41. Bxf6 Bxf6 1-0

[Event "Camp. rumeno fem 2015"]
[Site "Calimanesti ROM"]
[Date "2015.04.18"]
[Round "1"]
[White "Miller (Gelip), Ioana"]
[Black "Stanciu, Ioana-Georgiana"]
[Result "1-0"]
[WhiteElo "2118"]
[BlackElo "1829"]
[PlyCount "41"]
[EventDate "2015.04.18"]
[EventRounds "9"]

1. e4 c5 2. Nf3 d6 3. d4 cxd4 4. Nxd4 Nf6 5. Nc3 g6 6. Be3 Bg7 7. f3 Nc6 8. Bc4
O-O 9. Qd2 Bd7 10. Bb3 Na5 11. Bh6 Rb8 12. h4 b5 13. h5 e5 14. hxg6 Nxb3 15.
gxh7+ Nxh7 16. Nxb3 Qf6 17. Nd5 Qe6 18. Ne7+ Qxe7 19. Bxg7 Ng5 20. Bxf8 Rxf8
21. O-O-O 1-0